000 00551nam a22001817a 4500
003 OSt
005 20120302151041.0
008 090915t xxu||||| |||| 00| 0 eng d
035 _a१३९४०
040 _cमराठी
100 _aसाठवणे, पां. आ.
_98827
222 _aऔषधी वनस्पती
245 _aहळदीचा औषधी उपयोग
250 _a२ री
260 _aवर्धा
_bसाठवणे
_c१९८७
300 _b२२ पाने
942 _2ddc
_cBOOK
999 _c493644
_d493641